[Event "Paracin Prestige op"]
[Site "Paracin"]
[Date "2023.01.22"]
[Round "8"]
[White "Garifullina, Leya"]
[Black "Martian, Dragos Daniel"]
[Result "1-0"]
[WhiteElo "2357"]
[BlackElo "2206"]
[PlyCount "66"]
[EventDate "2023.01.17"]
[EventType "swiss"]
[EventRounds "9"]
[EventCountry "SRB"]
[SourceTitle "CBM 212 Extra"]
[Source "ChessBase"]
[SourceDate "2023.03.31"]
[SourceVersion "1"]
[SourceVersionDate "2023.03.31"]
[SourceQuality "1"]

1. e4 c6 2. d4 d5 3. e5 Bf5 4. Nf3 e6 5. Be2 h6 6. 0-0 Ne7 7. Nbd2 Bh7 8. Nb3 Nd7 9. a4 Nf5 10. Bd3 c5 11. dxc5 Nxc5 12. Nxc5 Bxc5 13. Bb5+ Kf8 14. Bd3 Kg8 15. a5 a6 16. Ra4 Bg6 17. b3 Ne7 18. Bxg6 fxg6 19. c4 Kh7 20. Bd2 Rc8 21. Qe2 Rf8 22. Rd1 Qe8 23. Raa1 dxc4 24. bxc4 Nf5 25. Be1 Rc7 26. Qe4 Qc8 27. Rab1 Kg8 28. Rb3 g5 29. Rdb1 Rff7 30. h3 Ba7 31. Nd2 Nd4 32. Rd3 Rf4 33. Qg6 Rf5 1-0

[Event "Paracin Prestige op"]
[Site "Paracin"]
[Date "2023.01.20"]
[Round "5"]
[White "Martian, Dragos Daniel"]
[Black "Brankovic, Dejan"]
[Result "1/2-1/2"]
[WhiteElo "2206"]
[BlackElo "2290"]
[PlyCount "71"]
[EventDate "2023.01.17"]
[EventType "swiss"]
[EventRounds "9"]
[EventCountry "SRB"]
[SourceTitle "CBM 212 Extra"]
[Source "ChessBase"]
[SourceDate "2023.03.31"]
[SourceVersion "1"]
[SourceVersionDate "2023.03.31"]
[SourceQuality "1"]

1. e4 g6 2. d4 Bg7 3. Nc3 d6 4. Nf3 Nf6 5. h3 0-0 6. Bd3 Nc6 7. 0-0 e5 8. dxe5 Nxe5 9. Nxe5 dxe5 10. Bc4 Qe7 11. a4 a5 12. b3 Rd8 13. Qf3 Be6 14. Ba3 Qe8 15. Bxe6 Qxe6 16. Rad1 Bf8 17. Bxf8 Kxf8 18. Nb5 Ne8 19. Rxd8 Rxd8 20. Qc3 b6 21. Na3 Kg8 22. Nc4 Nf6 23. Re1 Rd4 24. Nd2 Qd6 25. Nc4 Qc5 26. Qf3 Kg7 27. c3 Rd7 28. Qg3 Re7 29. Qf3 Rd7 30. Qg3 Re7 31. Qf3 Qc6 32. Qd3 Qe8 33. Qf3 Nd7 34. Ne3 Nf6 35. Nd5 Nxd5 36. exd5 1/2-1/2

[Event "Braila GP RO Stage 5"]
[Site "Braila"]
[Date "2022.11.06"]
[Round "6"]
[White "Anuta, Laurentiu"]
[Black "Martian, Dragos Daniel"]
[Result "0-1"]
[WhiteElo "1732"]
[BlackElo "2219"]
[PlyCount "77"]
[EventDate "2022.11.05"]
[EventType "swiss (rapid)"]
[EventRounds "10"]
[EventCountry "ROU"]
[SourceTitle "EXT 2024"]
[Source "ChessBase"]
[SourceDate "2023.10.10"]
[SourceVersion "1"]
[SourceVersionDate "2023.10.10"]
[SourceQuality "1"]

1. d4 Nf6 2. Bf4 e6 3. e3 c5 4. c3 b6 5. Nf3 Bb7 6. Bd3 Be7 7. Nbd2 cxd4 8. exd4 0-0 9. h3 d6 10. Qc2 Nc6 11. Ne4 Nd5 12. Bg3 Rc8 13. Qe2 Re8 14. 0-0 Bf8 15. Rae1 h6 16. Ba6 Bxa6 17. Qxa6 f5 18. Ned2 Qd7 19. Re2 Nce7 20. Rfe1 Ng6 21. Qd3 Ndf4 22. Qe3 Nd5 23. Qd3 Ngf4 24. Bxf4 Nxf4 25. Qc2 Nxe2+ 26. Rxe2 Be7 27. Nf1 Bf6 28. Qb3 Qf7 29. Ng3 Bg5 30. Nxg5 hxg5 31. Qc2 g6 32. Qd2 Qf6 33. Nf1 Kg7 34. Ne3 Rh8 35. Qe1 g4 36. Nf1 Rce8 37. Re3 f4 38. Re4 gxh3 39. g3 0-1

[Event "Poiana Brasov op"]
[Site "Poiana Brasov"]
[Date "2022.07.25"]
[Round "2"]
[White "Craciun, Sasha Matei"]
[Black "Martian, Dragos Daniel"]
[Result "1/2-1/2"]
[WhiteElo "2016"]
[BlackElo "2246"]
[PlyCount "78"]
[EventDate "2022.07.24"]
[EventType "swiss"]
[EventRounds "9"]
[EventCountry "ROU"]
[SourceTitle "EXT 2023"]
[Source "ChessBase"]
[SourceDate "2022.10.05"]
[SourceVersion "1"]
[SourceVersionDate "2022.10.05"]
[SourceQuality "1"]

1. e4 c5 2. Nf3 Nc6 3. d4 cxd4 4. Nxd4 Nf6 5. Nc3 e5 6. Ndb5 d6 7. Nd5 Nxd5 8. exd5 Nb8 9. a4 a6 10. Na3 Be7 11. Be2 0-0 12. Bd2 Nd7 13. a5 f5 14. Nc4 Nf6 15. Nb6 Rb8 16. 0-0 Ne4 17. Bb4 Bg5 18. Bd3 Qf6 19. Bxe4 fxe4 20. Nxc8 Rbxc8 21. Qe2 Qg6 22. c3 Rf4 23. g3 Rff8 24. Rae1 e3 25. fxe3 Qe4 26. Rxf8+ Rxf8 27. Bxd6 Rd8 28. Bc5 Rxd5 29. Bb6 Rd3 30. Kf2 Qd5 31. Qh5 h6 32. h4 Be7 33. Re2 Qe6 34. Kg2 Bf6 35. Rf2 Qd5+ 36. Qf3 Qd7 37. Qf5 Qc6+ 38. Qf3 Qd7 39. Qf5 Qc6+ 1/2-1/2

[Event "Bucharest Super Rapid op"]
[Site "Bucharest"]
[Date "2022.05.01"]
[Round "5"]
[White "Craciun, Sasha Matei"]
[Black "Martian, Dragos Daniel"]
[Result "1-0"]
[WhiteElo "1945"]
[BlackElo "2260"]
[PlyCount "66"]
[EventDate "2022.04.30"]
[EventType "swiss (rapid)"]
[EventRounds "10"]
[EventCountry "ROU"]
[SourceTitle "CBM 208 Extra"]
[Source "ChessBase"]
[SourceDate "2022.07.31"]
[SourceVersion "1"]
[SourceVersionDate "2022.07.31"]
[SourceQuality "1"]

1. e4 c5 2. Nf3 e6 3. g3 Nc6 4. Bg2 Nf6 5. Nc3 d6 6. d4 cxd4 7. Nxd4 Be7 8. 0-0 0-0 9. Re1 a6 10. Nxc6 bxc6 11. e5 Nd5 12. exd6 Bxd6 13. Ne4 Be7 14. c4 Nb4 15. Be3 Qxd1 16. Rexd1 Nc2 17. Rac1 Nxe3 18. fxe3 Rb8 19. b3 e5 20. c5 Bg4 21. Rd2 Rbc8 22. Nd6 Rc7 23. Rc4 Be6 24. Ra4 Ra8 25. b4 Raa7 26. Bf1 g6 27. Rxa6 Rxa6 28. Bxa6 Ra7 29. Bc4 Bg5 30. Kf2 Ra3 31. Rd3 Rxd3 32. Bxd3 Bxa2 33. Be4 Bb3 1-0

[Event "Bucharest Super Rapid op"]
[Site "Bucharest"]
[Date "2022.05.01"]
[Round "9"]
[White "Martian, Dragos Daniel"]
[Black "Stefanova, Antoaneta"]
[Result "1/2-1/2"]
[WhiteElo "2260"]
[BlackElo "2457"]
[PlyCount "157"]
[EventDate "2022.04.30"]
[EventType "swiss (rapid)"]
[EventRounds "10"]
[EventCountry "ROU"]
[SourceTitle "CBM 208 Extra"]
[Source "ChessBase"]
[SourceDate "2022.07.31"]
[SourceVersion "1"]
[SourceVersionDate "2022.07.31"]
[SourceQuality "1"]

1. e4 e5 2. Nf3 Nc6 3. Bc4 Nf6 4. d3 Bc5 5. Bb3 d6 6. c3 Bb6 7. Nbd2 Ne7 8. Nc4 Ng6 9. a4 c5 10. 0-0 0-0 11. Re1 Bc7 12. h3 h6 13. d4 b6 14. Bc2 Re8 15. d5 Bd7 16. b4 Nh7 17. Bd3 Rf8 18. Rb1 Rb8 19. Qc2 Qf6 20. Nh2 Nf4 21. b5 Ng5 22. Bxf4 Qxf4 23. Qd2 Qh4 24. Qe3 f5 25. Nf3 Nxf3+ 26. Qxf3 g6 27. Qg3 Qxg3 28. fxg3 Rf6 29. Rf1 Rbf8 30. Rf2 Kg7 31. Rbf1 fxe4 32. Rxf6 Rxf6 33. Rxf6 Kxf6 34. Bxe4 Bf5 35. Nd2 Bd8 36. Kf2 Bd7 37. Bd3 Kg7 38. Ne4 Be7 39. c4 Bc8 40. Ke3 h5 41. h4 Kh6 42. Kf2 Bg4 43. Be2 Bf5 44. Bf3 Kg7 45. Ke3 Kf7 46. Be2 Bf8 47. Bf3 Bh6+ 48. Kf2 Ke7 49. Ke2 Bc1 50. Kf2 Bb2 51. Ke2 Bd4 52. Kd2 Bg1 53. Ke2 Bd4 54. Ke1 Bc8 55. Ke2 a6 56. Ke1 axb5 57. axb5 Bf5 58. Ke2 Bg1 59. Kf1 Be3 60. Ke2 Bh6 61. Kf2 Bf8 62. Ke2 Kf7 63. Kf2 Be7 64. Ke2 Kg7 65. Kf2 Kh6 66. Ke2 Bxe4 67. Bxe4 g5 68. hxg5+ Kxg5 69. Kf3 Bf8 70. Bc2 Bh6 71. Bd3 Bg7 72. Bc2 Bh6 73. Bd3 Kf6 74. Bc2 Bd2 75. Bd3 Be1 76. Bc2 Kg5 77. Bd3 Bc3 78. Bc2 Bd4 79. Bd3 1/2-1/2

[Event "ROM-ch blitz"]
[Site "Bucharest"]
[Date "2022.03.13"]
[Round "7"]
[White "David, Cristian"]
[Black "Martian, Dragos Daniel"]
[Result "0-1"]
[WhiteElo "1769"]
[BlackElo "2136"]
[PlyCount "78"]
[EventDate "2022.03.13"]
[EventType "swiss (blitz)"]
[EventRounds "9"]
[EventCountry "ROU"]
[SourceTitle "EXT 2023"]
[Source "ChessBase"]
[SourceDate "2022.10.05"]
[SourceVersion "1"]
[SourceVersionDate "2022.10.05"]
[SourceQuality "1"]

1. c3 Nf6 2. d4 b6 3. Nf3 Bb7 4. g3 g6 5. Bg2 Bg7 6. 0-0 0-0 7. Nbd2 d6 8. Re1 Nbd7 9. e4 e5 10. d5 a5 11. b4 h6 12. Bb2 Nh7 13. Nh4 Bf6 14. Nhf3 Bg7 15. Nh4 Bf6 16. Nhf3 Be7 17. Bh3 Bc8 18. Kh1 f5 19. exf5 gxf5 20. a3 Ndf6 21. c4 Ng4 22. Qe2 Ba6 23. b5 Bc8 24. Ng1 Ng5 25. Bg2 f4 26. h4 fxg3 27. fxg3 Nf2+ 28. Kh2 Ng4+ 29. Kh1 Rf2 30. hxg5 Rxe2 31. Rxe2 Bxg5 32. Ne4 Bf5 33. Rf1 Qd7 34. Nxg5 hxg5 35. Nh3 Bd3 36. Ree1 Bxf1 37. Rxf1 Rf8 38. Nxg5 Rxf1+ 39. Bxf1 Qf5 0-1

[Event "ROM-ch Rapid"]
[Site "Bucharest"]
[Date "2022.03.12"]
[Round "9"]
[White "Fluerariu, Radu Cristian"]
[Black "Martian, Dragos Daniel"]
[Result "0-1"]
[WhiteElo "2006"]
[BlackElo "2270"]
[PlyCount "70"]
[EventDate "2022.03.11"]
[EventType "swiss (rapid)"]
[EventRounds "9"]
[EventCountry "ROU"]
[SourceTitle "CBM 207 Extra"]
[Source "ChessBase"]
[SourceDate "2022.05.31"]
[SourceVersion "1"]
[SourceVersionDate "2022.05.31"]
[SourceQuality "1"]

1. Nf3 c5 2. c4 Nc6 3. e3 Nf6 4. Nc3 e5 5. Be2 d6 6. d3 Be7 7. a3 0-0 8. Rb1 a5 9. 0-0 d5 10. cxd5 Nxd5 11. Bd2 Be6 12. Nxd5 Qxd5 13. Bc3 Rfd8 14. Qa4 f6 15. Rfd1 Bf7 16. Ne1 Qb3 17. Qg4 a4 18. h4 b5 19. h5 b4 20. axb4 cxb4 21. Bd2 Qe6 22. Qg3 Bf8 23. Rdc1 Na5 24. Bf3 Nb3 25. Bxa8 Nxd2 26. Rc6 Qe8 27. Rd1 Rxa8 28. Rxf6 Nb3 29. Rf5 Bxh5 30. f3 Bd6 31. d4 Bg6 32. Rg5 exd4 33. Qxd6 Qxe3+ 34. Kh2 Qxg5 35. Qe6+ Bf7 0-1

[Event "ROM-ch Rapid"]
[Site "Bucharest"]
[Date "2022.03.12"]
[Round "5"]
[White "Gavrilescu, David"]
[Black "Martian, Dragos Daniel"]
[Result "1-0"]
[WhiteElo "2512"]
[BlackElo "2270"]
[PlyCount "33"]
[EventDate "2022.03.11"]
[EventType "swiss (rapid)"]
[EventRounds "9"]
[EventCountry "ROU"]
[SourceTitle "CBM 207 Extra"]
[Source "ChessBase"]
[SourceDate "2022.05.31"]
[SourceVersion "1"]
[SourceVersionDate "2022.05.31"]
[SourceQuality "1"]

1. e4 c5 2. Nf3 Nc6 3. Bb5 g6 4. 0-0 Bg7 5. c3 e5 6. d4 exd4 7. cxd4 cxd4 8. Bf4 d5 9. exd5 Qxd5 10. Nc3 Qh5 11. Re1+ Nge7 12. Bxc6+ bxc6 13. Be5 Bxe5 14. Rxe5 Qg4 15. Ne4 Kf8 16. Qxd4 Qd7 17. Rd5 1-0

[Event "ROM-ch Rapid"]
[Site "Bucharest"]
[Date "2022.03.12"]
[Round "8"]
[White "Martian, Dragos Daniel"]
[Black "Cnejev, Vladimir Alexandru"]
[Result "1/2-1/2"]
[WhiteElo "2270"]
[BlackElo "2179"]
[PlyCount "162"]
[EventDate "2022.03.11"]
[EventType "swiss (rapid)"]
[EventRounds "9"]
[EventCountry "ROU"]
[SourceTitle "CBM 207 Extra"]
[Source "ChessBase"]
[SourceDate "2022.05.31"]
[SourceVersion "1"]
[SourceVersionDate "2022.05.31"]
[SourceQuality "1"]

1. e4 e5 2. Nf3 Nc6 3. Bc4 Bc5 4. c3 Nf6 5. d4 exd4 6. e5 d5 7. Bb5 Ne4 8. cxd4 Bb6 9. Nc3 0-0 10. Be3 Bg4 11. h3 Bh5 12. Qc2 Bg6 13. Qb3 Ne7 14. 0-0 c6 15. Bd3 Nd2 16. Nxd2 Bxd3 17. Rfe1 Bg6 18. Nf3 Nf5 19. Na4 f6 20. Qc3 Re8 21. b4 fxe5 22. Nxb6 exd4 23. Nxd4 axb6 24. Nxf5 Bxf5 25. Bd4 Qd7 26. Bxb6 Rxe1+ 27. Rxe1 Re8 28. Rxe8+ Qxe8 29. Bd4 Qd7 30. Qg3 h6 31. a4 Kh7 32. Qe5 Qf7 33. Kh2 Bc2 34. a5 Bd3 35. f3 Bg6 36. Kg1 Bd3 37. Kh2 h5 38. Kg3 Qg6+ 39. Kf2 Qf7 40. Bb2 Bf5 41. Bc3 Kg8 42. Kg1 Kh7 43. Bd4 Bc2 44. Kh2 Bg6 45. Ba1 Bc2 46. Kg3 Qg6+ 47. Kf2 Qf7 48. Bb2 Bf5 49. Bc3 Bc2 50. Ke3 Qg6 51. g4 hxg4 52. hxg4 Qd3+ 53. Kf2 Qg6 54. Qc7 Bd1 55. Kg3 Be2 56. Qxb7 Bxf3 57. Qxg7+ Qxg7 58. Bxg7 Be2 59. Bd4 Kg6 60. Kf4 Bb5 61. Be3 Kf6 62. Bc1 Be2 63. Bb2+ Ke6 64. Kg5 Kd6 65. Kf5 c5 66. bxc5+ Kxc5 67. g5 Kb5 68. Bc3 Kc6 69. Ke5 Bd3 70. Bd2 Be4 71. Be3 Bd3 72. Bf2 Kb7 73. Kxd5 Ka6 74. Be1 Bb1 75. Bd2 Bc2 76. Kc5 Bb1 77. Kb4 Bc2 78. Be3 Bb1 79. Bb6 Bd3 80. Kc5 Bf5 81. Kd6 Bb1 1/2-1/2

[Event "ROM-ch Rapid"]
[Site "Bucharest"]
[Date "2022.03.12"]
[Round "7"]
[White "Martian, Dragos Daniel"]
[Black "Costachi, Mihnea"]
[Result "0-1"]
[WhiteElo "2270"]
[BlackElo "2463"]
[PlyCount "118"]
[EventDate "2022.03.11"]
[EventType "swiss (rapid)"]
[EventRounds "9"]
[EventCountry "ROU"]
[SourceTitle "CBM 207 Extra"]
[Source "ChessBase"]
[SourceDate "2022.05.31"]
[SourceVersion "1"]
[SourceVersionDate "2022.05.31"]
[SourceQuality "1"]

1. e4 e5 2. Nf3 Nc6 3. Bc4 Bc5 4. c3 Nf6 5. d4 exd4 6. e5 d5 7. Bb5 Ne4 8. cxd4 Bb6 9. Nc3 0-0 10. Be3 Bg4 11. h3 Bh5 12. Qc2 Bg6 13. Qb3 Ne7 14. 0-0 c6 15. Bd3 Nd2 16. Nxd2 Bxd3 17. Rfe1 Bg6 18. Nf3 Nf5 19. Na4 Rb8 20. Qc3 Nxe3 21. Rxe3 f6 22. e6 Qd6 23. Nc5 Rfe8 24. Rae1 Bc7 25. e7 Bf7 26. b4 b6 27. Nd3 Rbc8 28. g3 Qd7 29. Nf4 Bxf4 30. gxf4 Qf5 31. Nh4 Qxf4 32. Ng2 Qd6 33. Nh4 g6 34. Ng2 Rc7 35. h4 Kg7 36. h5 Rcxe7 37. Rxe7 Rxe7 38. Rxe7 Qxe7 39. Qxc6 Qxb4 40. h6+ Kxh6 41. Qxf6 Qb1+ 42. Kh2 Qf5 43. Qe7 Qxf2 44. Qxa7 Qf6 45. Qc7 Kg7 46. Nf4 Qh4+ 47. Kg2 Qg4+ 48. Kf2 Qf5 49. Ke3 Qe4+ 50. Kd2 Qxd4+ 51. Nd3 h5 52. Qd8 Qf6 53. Qd7 d4 54. a4 h4 55. Qg4 Be6 56. Qe4 Bf5 57. Qb7+ Kh6 58. Nb4 Qg5+ 59. Kd1 Qg1+ 0-1

[Event "ROM-ch Rapid"]
[Site "Bucharest"]
[Date "2022.03.11"]
[Round "2"]
[White "Craciun, Ovidiu"]
[Black "Martian, Dragos Daniel"]
[Result "0-1"]
[WhiteElo "1911"]
[BlackElo "2270"]
[PlyCount "30"]
[EventDate "2022.03.11"]
[EventType "swiss (rapid)"]
[EventRounds "9"]
[EventCountry "ROU"]
[SourceTitle "CBM 207 Extra"]
[Source "ChessBase"]
[SourceDate "2022.05.31"]
[SourceVersion "1"]
[SourceVersionDate "2022.05.31"]
[SourceQuality "1"]

1. e4 c5 2. Nf3 Nc6 3. d4 cxd4 4. Nxd4 Nf6 5. Nc3 e5 6. Ndb5 d6 7. Nd5 Nxd5 8. exd5 Nb8 9. c4 a6 10. Qa4 Bd7 11. Qa3 Bxb5 12. cxb5 a5 13. Be3 Be7 14. b6 0-0 15. Bb5 f5 0-1

[Event "ROM-ch"]
[Site "Eforie Nord"]
[Date "2022.02.26"]
[Round "8"]
[White "Szabo, Gergely Andras"]
[Black "Martian, Dragos Daniel"]
[Result "1-0"]
[WhiteElo "2524"]
[BlackElo "2270"]
[PlyCount "107"]
[EventDate "2022.02.20"]
[EventType "swiss"]
[EventRounds "9"]
[EventCountry "ROU"]
[SourceTitle "CBM 207 Extra"]
[Source "ChessBase"]
[SourceDate "2022.05.31"]
[SourceVersion "1"]
[SourceVersionDate "2022.05.31"]
[SourceQuality "1"]

1. d4 Nf6 2. c4 e6 3. Nc3 Bb4 4. g3 0-0 5. Bg2 d5 6. a3 Be7 7. Nf3 c6 8. 0-0 b6 9. Ne5 Bb7 10. e4 dxc4 11. Nxc4 Ba6 12. b3 b5 13. Ne5 b4 14. Ne2 Bxe2 15. Qxe2 Qxd4 16. Bb2 Qb6 17. Nc4 Qb5 18. a4 Qb7 19. Bxf6 gxf6 20. Rac1 a5 21. e5 Qa7 22. Rfd1 Qc7 23. Qg4+ Kh8 24. Qh5 f5 25. Nd6 Bxd6 26. Rxd6 Qe7 27. Rc4 f6 28. Rh4 Ra7 29. Qh6 Rf7 30. Rhd4 Rd7 31. Bxc6 Rxd6 32. exd6 Qf8 33. Qxf8+ Rxf8 34. Bb5 Kg7 35. Rc4 Rd8 36. Rc7+ Kg6 37. d7 Kf7 38. Ra7 Ke7 39. Rxa5 Nxd7 40. Ra7 Kd6 41. Rxd7+ Rxd7 42. Bxd7 Kxd7 43. Kf1 Kd6 44. Ke2 e5 45. Kd3 Kc5 46. a5 Kb5 47. a6 Kxa6 48. Kc4 Ka5 49. Kc5 f4 50. gxf4 exf4 51. f3 h5 52. h4 Ka6 53. Kxb4 Kb6 54. Kc4 1-0

[Event "ROM-ch"]
[Site "Eforie Nord"]
[Date "2022.02.25"]
[Round "7"]
[White "Martian, Dragos Daniel"]
[Black "Anton, Teodor"]
[Result "0-1"]
[WhiteElo "2270"]
[BlackElo "2457"]
[PlyCount "82"]
[EventDate "2022.02.20"]
[EventType "swiss"]
[EventRounds "9"]
[EventCountry "ROU"]
[SourceTitle "CBM 207 Extra"]
[Source "ChessBase"]
[SourceDate "2022.05.31"]
[SourceVersion "1"]
[SourceVersionDate "2022.05.31"]
[SourceQuality "1"]

1. e4 g6 2. d4 Bg7 3. Nc3 d6 4. Be3 a6 5. Qd2 b5 6. Bd3 Bb7 7. a4 b4 8. Nce2 a5 9. Nf3 Nf6 10. Ng3 Nbd7 11. h4 Ng4 12. h5 Nxe3 13. Qxe3 e6 14. 0-0-0 Nb6 15. e5 Nd5 16. Qd2 Qd7 17. h6 Bf8 18. b3 Be7 19. Ne4 0-0 20. Kb1 f5 21. exf6 Bxf6 22. Rde1 Bh8 23. Neg5 Nc3+ 24. Kc1 Rf6 25. Be4 Nxe4 26. Nxe4 Rf5 27. Nh4 Rd5 28. Nxg6 hxg6 29. h7+ Kf8 30. Nf6 Qg7 31. Nxd5 Bxd5 32. Rh4 Ke7 33. Qg5+ Kd7 34. Re3 Rf8 35. Rg3 Rf6 36. Rgg4 c5 37. Rh6 Rxf2 38. Rxg6 Rf1+ 39. Kb2 Qxd4+ 40. Rxd4 Bxd4+ 41. c3 Bxc3+ 0-1

[Event "ROM-ch"]
[Site "Eforie Nord"]
[Date "2022.02.22"]
[Round "4"]
[White "Martian, Dragos Daniel"]
[Black "Badea, Bela"]
[Result "1/2-1/2"]
[WhiteElo "2270"]
[BlackElo "2413"]
[PlyCount "135"]
[EventDate "2022.02.20"]
[EventType "swiss"]
[EventRounds "9"]
[EventCountry "ROU"]
[SourceTitle "CBM 207 Extra"]
[Source "ChessBase"]
[SourceDate "2022.05.31"]
[SourceVersion "1"]
[SourceVersionDate "2022.05.31"]
[SourceQuality "1"]

1. e4 d6 2. d4 Nf6 3. Nc3 e5 4. Nf3 Nbd7 5. Bc4 Be7 6. a4 0-0 7. 0-0 c6 8. h3 b6 9. Qe2 a6 10. Rd1 Qc7 11. Be3 Bb7 12. Ba2 b5 13. axb5 axb5 14. b4 Nb6 15. Bb3 Na4 16. Bd2 Nxc3 17. Bxc3 c5 18. dxc5 Nxe4 19. Bb2 dxc5 20. Bxe5 Qb6 21. Rd7 Rae8 22. Qe3 Bf6 23. bxc5 Qc6 24. Rc7 Qxc7 25. Bxc7 Bxa1 26. Qf4 Nxc5 27. Bd6 Nxb3 28. cxb3 Bxf3 29. Qxf3 Re1+ 30. Kh2 Be5+ 31. Bxe5 Rxe5 32. Qb7 Rd8 33. Qc7 Red5 34. Qb6 g6 35. Qa5 h5 36. Qb6 R8d6 37. Qa7 Kg7 38. Qa1+ Kh7 39. Qa7 Rd7 40. Qb8 Rf5 41. h4 Rd3 42. f3 Rxb3 43. Qb7 Rb2 44. Kh3 Rb3 45. Kh2 Rb4 46. Kg3 Kg7 47. Qa7 Rc4 48. Qa1+ Kh7 49. Qa7 b4 50. Qb7 Kg7 51. Qb8 Rd4 52. Kh3 Rc5 53. Qb6 Rcc4 54. g3 Rd3 55. Qb5 Rcc3 56. Qxb4 Rxf3 57. Qd4+ Kh7 58. Kh2 Rxg3 59. Qd5 Rgf3 60. Kg2 Rf5 61. Qd4 Rcf3 62. Qd8 R3f4 63. Kg3 Rg4+ 64. Kh3 Rff4 65. Kh2 Rxh4+ 66. Kg3 Rhg4+ 67. Kh3 Rf3+ 68. Kh2 1/2-1/2

[Event "ROM-chT"]
[Site "Mamaia"]
[Date "2021.10.09"]
[Round "10.2"]
[White "Musat, Adrian"]
[Black "Martian, Dragos Daniel"]
[Result "1/2-1/2"]
[WhiteElo "2387"]
[BlackElo "2242"]
[PlyCount "43"]
[EventDate "2021.10.02"]
[EventType "team-tourn"]
[EventRounds "11"]
[EventCountry "ROU"]
[SourceTitle "CBM 204 Extra"]
[Source "ChessBase"]
[SourceDate "2021.11.30"]
[SourceVersion "1"]
[SourceVersionDate "2021.11.30"]
[SourceQuality "1"]
[WhiteTeam "Craiova Oltenia"]
[BlackTeam "Urziceni Viitorul"]
[WhiteTeamCountry "ROU"]
[BlackTeamCountry "ROU"]

1. Nf3 Nf6 2. c4 e6 3. g3 d5 4. Bg2 Be7 5. 0-0 0-0 6. d4 c6 7. Qc2 Nbd7 8. Bf4 Nh5 9. Bd2 Nhf6 10. Bf4 Nh5 11. Bd2 Nhf6 12. Bf4 b6 13. Rd1 Ba6 14. cxd5 Nxd5 15. Nc3 Rc8 16. Rac1 Nxf4 17. gxf4 Bb7 18. e3 Qc7 19. a3 c5 20. d5 exd5 21. Nxd5 Bxd5 22. Rxd5 1/2-1/2

[Event "ROM-chT"]
[Site "Mamaia"]
[Date "2021.10.05"]
[Round "5.1"]
[White "Martian, Dragos Daniel"]
[Black "Soltanici, Ruslan"]
[Result "1/2-1/2"]
[WhiteElo "2242"]
[BlackElo "2380"]
[PlyCount "30"]
[EventDate "2021.10.02"]
[EventType "team-tourn"]
[EventRounds "11"]
[EventCountry "ROU"]
[SourceTitle "CBM 204 Extra"]
[Source "ChessBase"]
[SourceDate "2021.11.30"]
[SourceVersion "1"]
[SourceVersionDate "2021.11.30"]
[SourceQuality "1"]
[WhiteTeam "Urziceni Viitorul"]
[BlackTeam "Techirghiol Victoria"]
[WhiteTeamCountry "ROU"]
[BlackTeamCountry "ROU"]

1. d4 Nf6 2. Nf3 e6 3. e3 d5 4. Bd3 c5 5. b3 Nc6 6. 0-0 Bd6 7. Bb2 0-0 8. Nbd2 b6 9. Ne5 Bb7 10. a3 Rc8 11. f4 Ne7 12. Qe2 Ne4 13. Nxe4 dxe4 14. Bc4 cxd4 15. exd4 Qc7 1/2-1/2

[Event "Arad op-A 14th"]
[Site "Arad"]
[Date "2021.08.01"]
[Round "4"]
[White "Martian, Dragos Daniel"]
[Black "Antonica, Dragos Andrei"]
[Result "1/2-1/2"]
[WhiteElo "2198"]
[BlackElo "2302"]
[PlyCount "171"]
[EventDate "2021.07.30"]
[EventType "swiss"]
[EventRounds "9"]
[EventCountry "ROU"]
[SourceTitle "CBM 203 Extra"]
[Source "ChessBase"]
[SourceDate "2021.09.30"]
[SourceVersion "1"]
[SourceVersionDate "2021.09.30"]
[SourceQuality "1"]

1. e4 e6 2. d4 d5 3. Nc3 Bb4 4. e5 c5 5. a3 Bxc3+ 6. bxc3 Ne7 7. Qg4 Qc7 8. Bd3 c4 9. Be2 Nf5 10. Bd1 Nc6 11. Ne2 Bd7 12. 0-0 0-0-0 13. Ng3 Nce7 14. a4 Qa5 15. Qf3 Nh4 16. Qg4 Nhf5 17. Qf3 h5 18. Bg5 Rdf8 19. Nxh5 Ng6 20. g4 f6 21. exf6 gxf6 22. Nxf6 Nd6 23. Qe3 Rf7 24. f4 Rhf8 25. Nxd7 Kxd7 26. Bh6 Rh8 27. f5 exf5 28. gxf5 Nh4 29. Qe6+ Kc6 30. Bf4 Rg7+ 31. Kh1 Nhxf5 32. Be5 Ng3+ 33. Bxg3 Rxg3 34. Rf6 Qd8 35. Bf3 Rg5 36. Re1 Rf8 37. Rxf8 Qxf8 38. Rf1 Qg7 39. Re1 Qf8 40. Rf1 Qg7 41. Re1 a5 42. Rb1 Qf8 43. Rf1 Qf5 44. Qe2 Qg6 45. Re1 Rf5 46. Bg2 Qf6 47. Rd1 Rf2 48. Qe5 Qf7 49. Rb1 Ne4 50. Bxe4 Rf1+ 51. Kg2 Rxb1 52. Bf5 Qg8+ 53. Kh3 Rf1 54. Qf6+ Kc7 55. Qe5+ Kb6 56. Bg4 Rf2 57. Qd6+ Ka7 58. Kg3 Rxc2 59. Qc5+ Kb8 60. Qxa5 Qf8 61. Bf3 Qg7+ 62. Kf4 Qf6+ 63. Kg4 Rxh2 64. Qxd5 Rh4+ 65. Kg3 Qf4+ 66. Kf2 Qd2+ 67. Kf1 Qc1+ 68. Kf2 Qd2+ 69. Kf1 Qc1+ 70. Kf2 Rh2+ 71. Kg3 Qg1+ 72. Bg2 Rxg2+ 73. Qxg2 Qe1+ 74. Kf4 Qxc3 75. Qg8+ Ka7 76. Qg1 Qd3 77. Qe3 Qg6 78. d5+ Ka8 79. Qc5 Qf6+ 80. Ke4 Qg6+ 81. Kd4 Qd3+ 82. Ke5 c3 83. Qa5+ Kb8 84. Qd8+ Ka7 85. Qa5+ Kb8 86. Qd8+ 1/2-1/2

[Event "Arad op-A 14th"]
[Site "Arad"]
[Date "2021.07.30"]
[Round "1"]
[White "Martian, Dragos Daniel"]
[Black "Radu, David Cr"]
[Result "1-0"]
[WhiteElo "2198"]
[BlackElo "1877"]
[PlyCount "91"]
[EventDate "2021.07.30"]
[EventType "swiss"]
[EventRounds "9"]
[EventCountry "ROU"]
[SourceTitle "CBM 203 Extra"]
[Source "ChessBase"]
[SourceDate "2021.09.30"]
[SourceVersion "1"]
[SourceVersionDate "2021.09.30"]
[SourceQuality "1"]

1. e4 c5 2. c3 d5 3. exd5 Qxd5 4. d4 g6 5. Nf3 Bg7 6. Na3 cxd4 7. Bc4 Qe4+ 8. Be3 Nh6 9. cxd4 0-0 10. 0-0 Bg4 11. Bxh6 Bxh6 12. Re1 Bxf3 13. Rxe4 Bxd1 14. Rxd1 e6 15. d5 exd5 16. Bxd5 Nc6 17. Bxc6 bxc6 18. Rd7 Rfb8 19. Nc4 Bf8 20. g3 a5 21. h4 Rb5 22. Rf4 f5 23. Rfd4 Re8 24. h5 Rb4 25. a3 Rb5 26. Rc7 Rc5 27. Kf1 Rb8 28. Ne3 Bh6 29. Nc4 Bf8 30. Kg2 Rd5 31. Rh4 g5 32. Rh1 Rc5 33. Ne3 Rxb2 34. Rd1 Rb8 35. g4 f4 36. Nf5 h6 37. Rd2 Rc1 38. Rdd7 Rbb1 39. Ne7+ Kf7 40. Nxc6+ Kg8 41. Rd8 f3+ 42. Kxf3 Rb3+ 43. Kg2 Rbc3 44. Rdc8 Rxa3 45. Ne7+ Kf7 46. Rxf8+ 1-0